[Event "47th Rilton Cup 2017"]
[Site "?"]
[Date "2018.01.02"]
[Round "6"]
[White "Gledura, Benjamin"]
[Black "Hillarp Persson, Tiger"]
[Result "1/2-1/2"]
[WhiteElo "2613"]
[BlackElo "2537"]
[Annotator "TA"]
[PlyCount "74"]
[EventDate "2018.??.??"]
[EventType "swiss"]
[EventCountry "SWE"]
[SourceTitle "Stockholm"]

{[%evp 9,74,32,60,28,66,58,66,51,54,52,54,56,59,-22,0,-16,-12,-18,0,0,0,0,0,0,0,0,0,0,0,0,0,-5,0,0,0,0,4,10,9,-18,-12,-9,-14,-31,-31,-31,-31,-32,-32,-32,-32,-32,-32,-32,-32,-31,-9,-11,-11,-39,-39,-39,-39,-39,-39,-50,-50]} 1. Nf3 c5 2. c4 Nc6 3. Nc3 g6 4. e3 Bg7 5. d4 f5 (5... d6 6. d5 Ne5 7. Nxe5 Bxe5 8. e4 Nf6 9. Bd3 h6 10. O-O g5 11. f4 gxf4 12. Bxf4 Ng4 13. Qf3 h5 14. Be2 f6 15. h3 Bd4+ {1-0 (40) Pantsulaia,L (2612)-Rapport,R (2707) Riadh 2017}) 6. g3 {A35: Symmetrical English: 2 Nc3 Nc6 3 Nf3} Nh6 $146 ({Predecessor:} 6... e6 7. Bg2 cxd4 8. exd4 Qb6 9. Nb5 Kf8 10. Bf4 Qa5+ 11. Kf1 a6 {½-½ (44) Dalnodar,B (1935)-Menon,D Mureck 2008}) 7. Bg2 Nf7 8. b3 {White is slightly better.} d6 9. Bb2 e5 10. dxe5 dxe5 11. e4 (11. Qxd8+ $14 Nfxd8 12. O-O-O) 11... O-O 12. O-O Nd4 13. Nd5 Nxf3+ 14. Qxf3 Ng5 15. Qe2 f4 $1 {[%cal Rf4f3]} 16. f3 Ne6 17. Rad1 fxg3 18. hxg3 Nd4 19. Bxd4 cxd4 20. Kh2 Be6 21. Bh3 Bf7 22. f4 exf4 23. gxf4 Qh4 24. Qg4 Qxg4 25. Bxg4 Rae8 26. e5 (26. Rfe1 {is interesting.} Bxd5 27. exd5 Rxe1 28. Rxe1 Bh6 29. Be6+) 26... Bxd5 $1 27. cxd5 {[#] aiming for Kg2.} Rxf4 $1 28. Rxf4 Bxe5 29. Rdxd4 {Black must now prevent Rde4.} Rf8 30. Kg3 {Hoping for Rde4.} Rxf4 31. Rxf4 g5 $1 32. Bf3 gxf4+ 33. Kg4 Kf7 34. d6 Bxd6 {Black is slightly better.} 35. Bxb7 Kf6 36. Kf3 Ke5 37. Bc8 Kd4 {Precision: White = 52%, Black = 80%.} 1/2-1/2

[Event "47th Rilton Cup 2017"]
[Site "?"]
[Date "2018.01.02"]
[Round "6"]
[White "Alekseenko, Kirill"]
[Black "Das, Sayantan"]
[Result "1-0"]
[WhiteElo "2590"]
[BlackElo "2442"]
[PlyCount "101"]
[EventDate "2018.??.??"]
[EventType "swiss"]
[EventCountry "SWE"]
[SourceTitle "Stockholm"]
[TimeControl "40/5400+30:1800+30"]
[WhiteClock "0:11:55"]
[BlackClock "0:19:01"]

1. d4 {[%emt 0:00:00]} d5 {[%emt 0:00:14]} 2. c4 {[%emt 0:00:01]} e6 {[%emt 0:00:31]} 3. Nc3 {[%emt 0:00:18]} Bb4 {[%emt 0:00:15]} 4. e3 {[%emt 0:00:35]} Nf6 {[%emt 0:00:17]} 5. a3 {[%emt 0:00:32]} Bxc3+ {[%emt 0:00:10]} 6. bxc3 {[%emt 0:00:07]} c6 {[%emt 0:00:16]} 7. Bd3 {[%emt 0:02:59]} e5 {[%emt 0:01:08]} 8. cxd5 {[%emt 0:06:27]} e4 {[%emt 0:00:11]} 9. Bc2 {[%emt 0:11:07]} cxd5 {[%emt 0:03:56]} 10. Ne2 {[%emt 0:00:03]} O-O {[%emt 0:01:33]} 11. f3 {[%emt 0:03:22]} exf3 {[%emt 0:08:09]} 12. gxf3 {[%emt 0:00:14]} Re8 {[%emt 0:01:19]} 13. O-O {[%emt 0:06:06]} Qc7 {[%emt 0:08:34]} 14. Bd2 {[%emt 0:04:01]} Nc6 {[%emt 0:04:54]} 15. Ng3 {[%emt 0:02:17]} Bh3 {[%emt 0:00:49]} 16. Re1 {[%emt 0:01:08]} Rac8 {[%emt 0:13:13]} 17. Rc1 {[%emt 0:19:59]} Qd6 {[%emt 0:13:22]} 18. Qe2 {[%emt 0:04:15]} Qxa3 {[%emt 0:02:51]} 19. e4 {[%emt 0:00:17]} dxe4 {[%emt 0:22:56]} 20. fxe4 {[%emt 0:00:08]} Bg4 {[%emt 0:00:35]} 21. Qg2 {[%emt 0:01:14]} Qb2 {[%emt 0:10:46]} 22. h3 {[%emt 0:13:45]} Nxd4 {[%emt 0:03:24]} 23. cxd4 {[%emt 0:00:20]} Bxh3 {[%emt 0:00:44]} 24. Qxh3 {[%emt 0:00:58]} Rxc2 {[%emt 0:00:06]} 25. Rxc2 {[%emt 0:04:55]} Qxc2 {[%emt 0:00:03]} 26. Qg2 {[%emt 0:00:05]} Qd3 {[%emt 0:01:01]} 27. Re3 {[%emt 0:03:23]} Qb1+ {[%emt 0:00:11]} 28. Qf1 {[%emt 0:00:32]} Qb6 {[%emt 0:00:56]} 29. Qf3 {[%emt 0:06:35]} h5 {[%emt 0:01:06]} 30. Bc3 {[%emt 0:01:00]} h4 {[%emt 0:00:40]} 31. Nf1 {[%emt 0:00:39]} Qe6 {[%emt 0:00:37]} 32. d5 {[%emt 0:01:28]} Qg4+ {[%emt 0:00:13]} 33. Qxg4 {[%emt 0:00:37]} Nxg4 {[%emt 0:00:02]} 34. Re2 {[%emt 0:00:58]} f6 {[%emt 0:00:56]} 35. Kg2 {[%emt 0:00:39]} Ne5 {[%emt 0:00:42]} 36. Ne3 {[%emt 0:01:11]} Nf7 {[%emt 0:00:36]} 37. Nf5 {[%emt 0:02:08]} b6 {[%emt 0:00:35]} 38. Kf3 {[%emt 0:01:59]} h3 {[%emt 0:00:18]} 39. Kf4 {[%emt 0:00:46]} g6 {[%emt 0:00:44]} 40. Ng3 {[%emt 0:01:35]} Kg7 {[%emt 0:00:19]} 41. Kg4 {[%emt 0:03:33]} Ne5+ {[%emt 0:10:59]} 42. Kxh3 {[%emt 0:06:46]} Nd7 {[%emt 0:00:57]} 43. Rc2 {[%emt 0:01:31]} Rh8+ {[%emt 0:04:14]} 44. Kg2 {[%emt 0:00:22]} Rb8 {[%emt 0:02:48]} 45. Bd4 {[%emt 0:01:52]} Rb7 {[%emt 0:01:44]} 46. d6 {[%emt 0:00:59]} Rb8 {[%emt 0:00:15]} 47. Rc7 {[%emt 0:00:22]} Rd8 {[%emt 0:00:06]} 48. Rxa7 {[%emt 0:00:07]} Kf8 {[%emt 0:00:05]} 49. Ne2 {[%emt 0:01:36]} g5 {[%emt 0:02:04]} 50. Ng3 {[%emt 0:00:19]} Ke8 {[%emt 0:00:41]} 51. Nh5 {[%emt 0:00:19]} 1-0

[Event "47th Rilton Cup 2017"]
[Site "?"]
[Date "2018.01.02"]
[Round "6"]
[White "Antipov, Mikhail Al"]
[Black "Sammalvuo, Tapani"]
[Result "1-0"]
[WhiteElo "2588"]
[BlackElo "2416"]
[Annotator "TA"]
[PlyCount "79"]
[EventDate "2018.??.??"]
[EventType "swiss"]
[EventCountry "SWE"]
[SourceTitle "Stockholm"]

{[%evp 21,79,0,45,39,59,45,66,83,74,58,113,111,106,103,111,104,215,211,209,136,132,129,128,131,128,127,100,105,122,77,89,87,87,87,149,142,156,164,192,142,154,154,296,300,420,408,441,442,439,431,383,177,416,384,494,464,884,860,29995,555]} 1. c4 Nf6 2. d4 e6 3. Nc3 Bb4 4. e3 O-O 5. Bd3 d5 6. Nf3 c5 7. O-O cxd4 8. exd4 dxc4 9. Bxc4 b6 10. Bg5 Bb7 11. Ne5 Nc6 12. Bxf6 {E54: Nimzo-Indian: Rubinstein: Main Line: 7...dxc4 8 Bxc4} Qxf6 13. Nd7 Qh4 14. Nxf8 {White is slightly better.} Rxf8 15. a3 $1 {[%cal Ra3b4]} Bd6 (15... Be7 $14) 16. g3 $16 Qh3 {Hoping for ...Ne5!} 17. Re1 $1 Nxd4 {[%csl Gb7][%cal Rh3g2]} 18. Bf1 Qf5 $146 (18... Nf3+ $16 19. Qxf3 Qxf1+ 20. Kxf1 Bxf3) ({Predecessor:} 18... Nf3+ 19. Qxf3 Qxf1+ 20. Kxf1 Bxf3 {1-0 (66) Lund,S (2445)-Lindberg,B (2495) Sweden 2007}) 19. Qxd4 $18 Qf3 {[%csl Gb7][%cal Rf3h1]} 20. Ne4 Bc5 21. Qd3 Bxe4 {[%csl Gf3][%cal Rc5f2]} 22. Qxf3 Bxf3 23. Rac1 a5 24. Bg2 Bh5 25. Rc4 Rd8 26. b4 axb4 27. axb4 Bd4 {[#]} (27... Bf8 $142) 28. g4 $1 $16 {[%cal Rg4h5,Bg3g4,Bg4g5][%mdl 32]} Bg6 {[#]} 29. Be4 $1 e5 30. g5 Rf8 31. Kg2 f5 (31... Bxe4+ $16 {was worth a try.} 32. Rxe4 Ra8) 32. Bd5+ $18 Kh8 33. Rec1 {Strongly threatening Rc8.} h6 34. Rc8 Rxc8 35. Rxc8+ {KRB-KB} Kh7 36. Bg8+ Kh8 37. h4 {[%cal Bh2h4,Bh4h5][%mdl 32]} f4 {[#]} 38. h5 $1 {[%mdl 512]} f3+ (38... Bxh5 $142 39. Bf7+ Kh7) 39. Kg3 {Intending Bf7+ and mate.} Bf5 40. Be6+ {Precision: White = 98%, Black = 36%.} 1-0

[Event "47th Rilton Cup 2017"]
[Site "?"]
[Date "2018.01.02"]
[Round "6"]
[White "Kulaots, Kaido"]
[Black "Narayanan, Srinath"]
[Result "1/2-1/2"]
[WhiteElo "2579"]
[BlackElo "2532"]
[Annotator "RC"]
[PlyCount "148"]
[EventDate "2018.??.??"]
[EventType "swiss"]
[EventCountry "SWE"]
[SourceTitle "Stockholm"]
[TimeControl "40/5400+30:1800+30"]
[WhiteClock "0:12:17"]
[BlackClock "0:04:20"]

1. e4 {[%emt 0:00:00]} e5 {[%emt 0:04:34]} 2. Nf3 {[%emt 0:00:00]} Nc6 {[%emt 0:00:18]} 3. Bb5 {[%emt 0:00:15]} a6 {[%emt 0:00:08]} 4. Ba4 {[%emt 0:00:05]} Nf6 {[%emt 0:00:05]} 5. O-O {[%emt 0:00:06]} b5 {[%emt 0:00:08]} 6. Bb3 {[%emt 0:00:07]} Bc5 {[%emt 0:00:03]} 7. Nxe5 {[%emt 0:07:21]} Nxe5 {[%emt 0:00:17]} 8. d4 {[%emt 0:00:05]} Bxd4 {[%emt 0:00:09]} 9. Qxd4 {[%emt 0:00:05]} d6 {[%emt 0:00:12]} 10. a4 {[%emt 0:01:58]} Rb8 {[%emt 0:02:04]} 11. Bf4 {[%emt 0:07:07]} O-O {[%emt 0:00:46]} 12. Nc3 {[%emt 0:03:50]} c5 {[%emt 0:01:30]} 13. Qe3 {[%emt 0:02:01]} c4 {[%emt 0:21:56]} 14. Ba2 {[%emt 0:00:21]} b4 {[%emt 0:05:15]} 15. Ne2 {[%emt 0:04:16]} Be6 {[%emt 0:10:08]} 16. f3 {[%emt 0:09:49]} b3 {[%emt 0:03:36]} 17. Bb1 {[%emt 0:04:54]} h6 {[%emt 0:06:03]} 18. Qd4 {[%emt 0:29:34]} Nc6 {[%emt 0:02:40]} 19. Qc3 {[%emt 0:02:43]} Rb7 {[%emt 0:05:58]} 20. cxb3 {[%emt 0:08:51]} Rxb3 {[%emt 0:04:10]} 21. Qc1 {[%emt 0:00:04]} Qb6+ {[%emt 0:02:23]} 22. Kh1 {[%emt 0:00:05]} Rxb2 {[%emt 0:00:10]} 23. Nc3 {[%emt 0:02:44]} Rf2 {[%emt 0:04:49]} 24. Rd1 {[%emt 0:05:14]} Qb2 {[%emt 0:02:10]} 25. Qxb2 {[%emt 0:00:45]} Rxb2 {[%emt 0:00:05]} 26. Rxd6 {[%emt 0:00:37]} Rc8 {[%emt 0:01:10]} 27. a5 {[%emt 0:03:44]} Rb3 {[%emt 0:01:08]} 28. Na4 {[%emt 0:00:44]} Ne8 {[%emt 0:02:04]} 29. Rd1 {[%emt 0:00:57]} Nxa5 {[%emt 0:00:10]} 30. Bc2 {[%emt 0:00:42]} Rb7 {[%emt 0:00:22]} 31. Nc3 {[%emt 0:02:13]} Rb2 {[%emt 0:06:05]} 32. Bb1 {[%emt 0:00:24]} Nc6 {[%emt 0:02:03]} 33. Rxa6 {[%emt 0:00:43]} Rb3 {[%emt 0:00:16]} 34. Nd5 {[%emt 0:02:10]} Bxd5 {[%emt 0:00:52]} 35. exd5 {[%emt 0:00:03]} Nb4 {[%emt 0:00:04]} 36. Rb6 {[%emt 0:00:57]} g5 {[%emt 0:01:13]} 37. Be5 {[%emt 0:02:02]} Nxd5 {[%emt 0:09:39]} 38. Rxh6 {[%emt 0:00:23]} f6 {[%emt 0:00:04]} 39. Bf5 {[%emt 0:00:51]} Rd8 {[%emt 0:01:01]} 40. Bxf6 {[%emt 0:00:37]} Nexf6 {[%emt 0:01:53]} 41. Rxf6 {[%emt 0:02:03]} Nxf6 {[%emt 0:00:33]} 42. Rxd8+ {[%emt 0:00:20]} Kf7 {[%emt 0:00:16]} 43. Rc8 {[%emt 0:03:21]} c3 {[%emt 0:02:11]} 44. Rc7+ {[%emt 0:11:32]} Kf8 {[%emt 0:00:18]} 45. Kg1 {[%emt 0:01:38]} Ra3 {[%emt 0:06:08]} 46. Be6 {[%emt 0:07:06]} Ke8 {[%emt 0:00:25]} 47. Kf2 {[%emt 0:00:39]} Kd8 {[%emt 0:00:29]} 48. Rc6 {[%emt 0:00:39]} Ke7 {[%emt 0:00:24]} 49. Ke2 {[%emt 0:02:08]} Nh5 {[%emt 0:09:07]} 50. g3 {[%emt 0:01:37]} Ng7 {[%emt 0:00:14]} 51. Bg4 {[%emt 0:01:28]} Ra2+ {[%emt 0:00:37]} 52. Ke3 {[%emt 0:01:14]} Rxh2 {[%emt 0:04:38]} 53. Rxc3 {[%emt 0:00:04]} Nh5 {[%emt 0:01:20]} 54. Bxh5 {[%emt 0:02:57]} Rxh5 {[%emt 0:00:05]} 55. Ke4 {[%emt 0:00:12]} Rh3 {[%emt 0:00:28]} 56. g4 {[%emt 0:00:41]} Kf6 {[%emt 0:00:08]} 57. Rc6+ {[%emt 0:00:18]} Kg7 {[%emt 0:00:28]} 58. Rc7+ {[%emt 0:00:04]} Kf6 {[%emt 0:00:38]} 59. Rc6+ {[%emt 0:00:05]} Kg7 {[%emt 0:00:03]} 60. Ra6 {[%emt 0:00:11]} Rg3 {[%emt 0:00:32]} 61. Ra7+ {[%emt 0:00:15]} Kg6 {[%emt 0:00:15]} 62. Ra6+ {[%emt 0:00:04]} Kg7 {[%emt 0:00:03]} 63. Rb6 {[%emt 0:01:13]} Rh3 {[%emt 0:00:10]} 64. Rb3 {[%emt 0:00:50]} Kf6 {[%emt 0:00:18]} 65. Ra3 {[%emt 0:00:03]} Rg3 {[%emt 0:00:37]} 66. Ra8 {[%emt 0:00:52]} Rh3 {[%emt 0:00:53]} 67. Rf8+ {[%emt 0:00:23]} Kg7 {[%emt 0:01:12]} 68. Rb8 {[%emt 0:00:35]} Kf6 {[%emt 0:00:51]} 69. Rb6+ {[%emt 0:00:06]} Kg7 {[%emt 0:00:36]} 70. Kf5 {[%emt 0:00:08]} Rxf3+ {[%emt 0:00:05]} 71. Kxg5 {[%emt 0:00:05]} Ra3 {[%emt 0:02:13]} 72. Rb7+ {[%emt 0:00:08]} Kg8 {[%emt 0:00:05]} 73. Kh5 {[%emt 0:00:08]} Ra6 {[%emt 0:00:26]} 74. g5 {[%emt 0:00:06]} Rc6 {[%emt 0:00:16]} 1/2-1/2

[Event "47th Rilton Cup 2017"]
[Site "?"]
[Date "2018.01.02"]
[Round "6"]
[White "Chigaev, Maksim"]
[Black "Livner, Anders"]
[Result "1-0"]
[WhiteElo "2555"]
[BlackElo "2350"]
[Annotator "TA"]
[PlyCount "93"]
[EventDate "2018.??.??"]
[EventType "swiss"]
[EventCountry "SWE"]
[SourceTitle "Stockholm"]

{[%evp 15,93,16,23,19,16,10,18,13,19,11,31,0,25,-3,6,0,0,-4,27,26,29,25,24,0,0,7,6,-28,-25,-29,-29,-35,0,-10,-10,-90,-10,-73,-73,-180,-125,-140,-118,-284,-259,-289,-247,-243,-185,-288,-289,-218,-100,-100,-111,-108,-108,-138,0,0,2029,1962,1930,-1038,1725,1511,5173,5143,5136,5121,5114,5097,6210,1118,1118,1046,2635,589,2329,1830]} 1. e4 {[%cal Be2e4,Be4e5][%mdl 32]} c6 2. d4 d5 3. e5 Bf5 4. h4 Qc7 5. Nc3 {[%cal Bb1c3,Bc3e2,Be2g3][%mdl 32]} h5 6. Bd3 {B12: Caro-Kann: Advance Variation} Bxd3 7. Qxd3 e6 8. Nf3 Ne7 {LiveBook: 3 Games} 9. O-O $146 ({Predecessor:} 9. Bg5 Nd7 10. O-O Ng6 11. Ne2 Be7 12. g3 {1-0 (42) Anton Guijarro,D (2616)-Najer,E (2681) Gjakova 2016}) 9... Nf5 10. Ne2 Be7 11. Bg5 Bxg5 12. hxg5 Nd7 13. Qa3 Nf8 14. Ng3 Ne7 (14... h4 {keeps more tension.} 15. Ne2 Ng6 16. Rad1 a6 17. Rfe1 O-O-O) 15. Nh4 Nfg6 16. Nxg6 fxg6 (16... Nxg6 {is interesting.} 17. f4 h4 18. Ne2 Ne7 19. Rf3 Nf5) 17. Ne2 O-O 18. Qh3 Nf5 19. c3 Qe7 20. f4 $1 c5 21. Rad1 c4 22. Kf2 b5 23. Rh1 Rab8 24. a3 a5 25. Rdg1 (25. Ra1 $11 {remains equal.}) 25... Kf7 (25... b4 $17 26. axb4 axb4) 26. g4 (26. Ra1 $11) 26... hxg4 $17 27. Qh7 (27. Rxg4 $17 {is a better defense.} b4 28. axb4) 27... b4 $19 28. axb4 axb4 29. Rxg4 $2 (29. Ra1 $17 {was the only chance.}) 29... bxc3 30. bxc3 Qa3 31. Rh6 Ne7 32. Rg3 (32. Rxg6 $142 Nxg6 33. f5 $1 {[%mdl 512]} exf5 34. e6+ $1 {[%mdl 512]} Kxe6 35. Qxg6+ Kd7 36. Qxg7+ Qe7 37. Qxe7+ Kxe7 38. Rg3) 32... Rb2 {Threatens to win with ...Ke8.} 33. Re3 Rd2 (33... Rc2 $19 34. Kf3 Qa1) 34. f5 $17 {Hoping for f6.} Ke8 ({But not} 34... exf5 $2 35. Rxg6 $1 {[%mdl 512]} Ke8 36. Rxg7 $18) 35. f6 gxh6 36. gxh6 {intending Qg7.} Nf5 (36... Kd8 $1 $17 {[%cal Rd8c8]} 37. Ke1 Rd3 38. fxe7+ Qxe7 39. Qxe7+ Kxe7 40. Rxd3 cxd3) 37. Qc7 $1 $11 {[#]} Ne7 $2 {[%mdl 8192]} ({Not} 37... Nxh6 38. Qc8+ Kf7 39. Qd7+ Qe7 40. Qxe7+ Kg8 41. Qg7#) (37... Rxe2+ $1 $11 38. Rxe2 Qc1 39. f7+ Rxf7 40. Qc8+ Ke7 41. Qc7+ Ke8 42. Qc8+ Ke7 43. Qc7+ Ke8) 38. Qb8+ $18 Kf7 {[#]} 39. Qxf8+ $1 {[%mdl 512]} Kxf8 40. h7 {White is clearly winning.} Nf5 41. h8=Q+ Kf7 42. Qh7+ Kf8 {[#]} 43. f7 $1 {[%mdl 512] Intending Qg8+ and mate.} Ne7 44. Qh6+ (44. Rf3 $142 Rxe2+ 45. Kg3 Nf5+ 46. Kh3) 44... Kxf7 45. Rf3+ Ke8 46. Rf8+ Kd7 {Strongly threatening ...Qb2.} 47. Qxd2 {Precision: White = 35%, Black = 63%.} 1-0

[Event "47th Rilton Cup 2017"]
[Site "?"]
[Date "2018.01.02"]
[Round "6"]
[White "Santos Latasa, Jaime"]
[Black "Aravindh, Chithambaram VR"]
[Result "1/2-1/2"]
[WhiteElo "2536"]
[BlackElo "2586"]
[Annotator "TA"]
[PlyCount "86"]
[EventDate "2018.??.??"]
[EventType "swiss"]
[EventCountry "SWE"]
[SourceTitle "Stockholm"]

{[%evp 24,86,20,0,25,23,54,9,0,0,13,-16,28,0,17,13,24,0,0,0,0,0,0,0,0,0,10,-8,0,0,0,-22,-9,-47,-36,-37,-34,-48,-30,-147,-183,-169,-186,-224,-95,-91,-63,-53,-62,-46,-58,-46,-61,-67,-48,-59,-58,-58,-52,-58,-70,-68,0,0,152]} 1. d4 d5 2. c4 e6 3. Nc3 Bb4 4. a3 Bxc3+ 5. bxc3 c5 6. e3 Nf6 7. cxd5 exd5 8. Bd3 O-O 9. Ne2 b6 10. O-O Ba6 11. Bxa6 Nxa6 12. Qd3 Nc7 13. f3 {LiveBook: 19 Partien} Qe8 {E49: Nimzoindisch (Moderne Variante)} 14. a4 Qc6 15. Ng3 Rfe8 16. Bd2 $146 {[%cal Bc1d2,Bd2e1,Be1h4][%mdl 32]} ({Vorgänger:} 16. Re1 h5 17. Ra2 g6 18. Nh1 Rac8 19. Nf2 Ne6 20. Bd2 Ng7 21. e4 cxd4 22. Qxd4 {0-1 (38) Jelen,I (2340)-Kurajica,B (2520) Ptuj 1991}) 16... Re6 17. Ne2 Nce8 18. Be1 h6 19. Bh4 Rc8 20. a5 c4 21. Qd2 b5 22. Rfe1 a6 23. g4 Qd7 24. h3 Rec6 25. Rab1 Qd8 26. Qa2 Re6 27. Bf2 Nd6 {[%cal Be8d6,Bd6e4,Be4g5,Bg5h3][%mdl 32]} 28. Ng3 Nh7 $36 {[%cal Bf6h7,Bh7g5,Bg5f3][%mdl 2080] Weiss steht unter Druck.} 29. Kg2 Ng5 30. Bg1 Rg6 31. Nh5 {[#]} (31. Rf1 $11 {bleibt in der Remisbreite.}) 31... Nxf3 $1 $17 {[%mdl 512]} 32. Kxf3 Ne4 33. Rbc1 {[#]} Qh4 (33... f5 $1 $19 {[%cal Rf5g4][%mdl 512] ist viel giftiger.} 34. Nf4 (34. gxf5 Qh4) 34... fxg4+ 35. Ke2 Rf6 36. hxg4 Qd7) 34. Qg2 Ng5+ 35. Ke2 {Und weiter mit Sf4 wäre nett.} Nxh3 36. Bf2 $1 {[%cal Rf2h4]} Qxh5 $1 ({Natürlich nicht} 36... Nxf2 37. Qxf2 Qxg4+ 38. Qf3 $14) (36... Rxg4 $6 37. Bxh4 Rxg2+ 38. Kf3 $14) 37. Rh1 Rxg4 38. Rxh3 Qf5 ({Bitte nicht} 38... Rxg2+ $6 39. Rxh5 Rg5 40. Rch1 $11) 39. Qf3 Qd3+ 40. Ke1 Rg5 41. Rh5 Rxh5 42. Qxh5 {[#]} Re8 $2 (42... b4 $1 $15 {[%mdl 512] bleibt weiter vorne.} 43. Qg4 (43. cxb4 Qa3 $15) 43... Rb8 44. cxb4 Rxb4) 43. Qxd5 $16 Rxe3+ {Precision: Weiß = 44%, Schwarz = 48%.} 1/2-1/2

[Event "47th Rilton Cup 2017"]
[Site "?"]
[Date "2018.01.02"]
[Round "6"]
[White "Kotronias, Vasilios"]
[Black "Henderson de la Fuente, Lance"]
[Result "1-0"]
[WhiteElo "2524"]
[BlackElo "2419"]
[Annotator "TA"]
[PlyCount "135"]
[EventDate "2018.??.??"]
[EventType "swiss"]
[EventCountry "SWE"]
[SourceTitle "Stockholm"]

{[%evp 17,135,0,0,0,0,-10,0,0,0,0,0,0,0,0,0,-3,0,0,21,6,7,10,5,9,9,7,13,0,0,0,0,0,12,17,81,59,70,77,70,41,86,102,101,93,99,115,119,104,98,77,71,45,45,45,42,29,17,8,18,23,19,19,19,19,30,8,8,20,308,308,592,536,298,298,1020,308,308,308,29973,29976,29976,29973,29973,308,308,308,308,308,308,298,298,298,298,298,298,298,298,298,298,298,298,298,298,298,298,298,29979,29980,29980,29981,29981,29982,29982,29983,29984,29985,29985,29985,29987,29988]} 1. e4 e5 2. Nf3 Nc6 3. Bc4 Bc5 4. c3 Nf6 5. d4 exd4 6. e5 d5 7. Bb5 Ne4 8. cxd4 Bb6 9. Nc3 O-O 10. Be3 {C54: Giuoco Piano: 4 c3 Nf6, main lines with 5 d4 and 5 d3} Bg4 (10... Ne7 11. O-O c6 12. Bd3 f5 13. exf6 Nxf6 14. Qc2 Bc7 15. Ne5 Ng4 16. Bxh7+ Kh8 17. Bg5 Nxe5 18. dxe5 Bxe5 {0-1 (25) Amonatov,F (2636)-Svidler,P (2765) Riadh 2017}) 11. Rc1 Nxc3 12. bxc3 {The position is equal.} f6 13. exf6 Qxf6 {[%cal Rg4f3]} 14. Be2 $1 Bxf3 $146 ({Find the theoretical novelty and annotate with similar games:} 14... Ne7 15. Ne5 Be6 16. Nd3 Nf5 17. Bf4 Nd6 18. Bxd6 cxd6 {½-½ (34) Carrettoni,A (2131)-Kuehne,R (2285) ICCF email 2010}) 15. Bxf3 Ne7 {[%cal Bc6e7,Be7f5,Bf5d6,Bd6e4][%mdl 32]} 16. O-O c6 17. Rc2 Bc7 18. Re1 Rae8 19. Bh5 g6 20. Bg4 Nf5 21. Bc1 Nd6 22. Rxe8 Rxe8 23. g3 Ne4 24. f3 Ng5 25. Re2 $36 {[%mdl 2048] White is pushing.} Rf8 (25... Re7 $11) 26. Ba3 {[#] Hoping for Be7.} Rf7 27. Re8+ Kg7 {[%cal Rg5f3]} 28. f4 Bxf4 29. gxf4 Qxf4 30. Qe2 h5 31. Qe5+ Qxe5 32. Rxe5 Ne4 33. Bc8 Nxc3 34. Re7 (34. Kg2 {NOTEXT} Nb5 35. Bc1 Rc7 36. Bh3 Rf7 37. Re8) 34... Nb5 $1 {[%cal Rb5a3]} 35. Rxf7+ Kxf7 36. Bb2 (36. Bc1 {NOTEXT} b6 37. Be3 Ke7 38. Bb7 Kd6 39. Ba6) 36... Nd6 37. Bh3 Kf6 38. Kf2 Nf5 39. Bf1 g5 40. Bd3 g4 41. Bxf5 Kxf5 $11 {[%mdl 4096] Endgame KB-KP} 42. Kg3 b6 $2 {[%mdl 8192]} (42... b5 $11 {and Black is okay.}) 43. Kh4 $18 c5 $2 (43... Kg6 {was called for.} 44. Ba3 a5) 44. Kxh5 cxd4 45. Bxd4 Ke4 $2 (45... Kf4 46. Bb2 b5) 46. Bb2 $2 (46. Bf6) 46... Kf3 47. Kg5 g3 $2 (47... b5 $18 48. Bc3 a6) 48. hxg3 Kxg3 {KB-K3P} 49. Kf5 b5 50. Bc3 $2 (50. Ke5 {NOTEXT} b4 51. Kxd5 a5 52. Kc4 Kf4 53. Kb5 Ke4 54. Kxa5 Kd5 55. Kb6) 50... d4 51. Bxd4 {KB-KPP} a5 52. Bb6 a4 53. a3 Kf3 54. Bd4 Kg3 55. Bf6 Kf3 56. Bg5 Kg3 57. Be7 Kf3 58. Bc5 Kg3 59. Be3 Kh3 60. Bh6 {[#] And now Kf4 would win.} Kg3 61. Bg5 Kh3 $2 (61... Kf3 $18 62. Bf4 Kg2) 62. Kf4 {White mates.} Kg2 63. Bh4 Kh3 64. Bg3 Kg2 65. Kg4 Kf1 66. Kf3 Kg1 67. Be1 Kh2 68. Bf2 {Precision: White = 72%, Black = 51%.} 1-0

[Event "47th Rilton Cup 2017"]
[Site "?"]
[Date "2018.01.02"]
[Round "6"]
[White "Tikkanen, Hans"]
[Black "Larson, Matthew W"]
[Result "1/2-1/2"]
[WhiteElo "2515"]
[BlackElo "2382"]
[Annotator "TA"]
[PlyCount "71"]
[EventDate "2018.??.??"]
[EventType "swiss"]
[EventCountry "SWE"]
[SourceTitle "Stockholm"]

{[%evp 17,71,3,15,0,0,0,14,0,0,1,28,0,0,0,0,0,31,24,37,41,40,22,68,59,75,75,68,0,8,0,191,196,201,201,351,359,633,651,627,580,476,576,576,568,567,553,537,535,496,0,0,0,427,0,0,0]} 1. d4 d5 2. Nf3 Nf6 3. e3 c6 4. c4 Bg4 5. cxd5 Bxf3 6. Qxf3 cxd5 7. Bd3 {D11: Damengambit (Slawische Verteidigung)} Nc6 8. Nc3 e6 9. O-O (9. Bd2 Be7 10. O-O O-O 11. Rac1 Rc8 12. Rfd1 Qd7 13. Be1 Rfd8 14. Bf1 Qe8 {½-½ (52) Wojtaszek,R (2736)-Andriasian,Z (2585) Katowice 2017}) 9... Bd6 {LiveBook: 25 Partien} 10. Qh3 h5 $146 ({Vorgänger:} 10... O-O 11. f4 h5 12. Bd2 a6 13. Rac1 Rc8 14. Be1 Be7 {½-½ (47) Kovanova,B (2382)-Styazhkina,A (2297) Kolomna 2016}) 11. Bd2 Rc8 12. Rac1 O-O 13. f4 g6 14. Qf3 Kg7 15. Be1 Na5 16. h3 Be7 17. g4 hxg4 18. hxg4 Nc4 19. g5 Nd7 20. Rc2 Rh8 {[#]} 21. Rff2 $1 Ndb6 22. a4 ({Besser ist} 22. Rh2 $14) 22... Qd7 23. e4 e5 $2 (23... Nd6 $11) 24. fxe5 $18 {[%csl Gf2][%cal Rf3f7]} Bxg5 {Und ...Th3 würde nun gewinnen.} 25. exd5 (25. Nxd5 $6 Rh3 $16) 25... Ne3 (25... Be3 $142) 26. Ne4 {zielt auf e6 ab.} (26. e6 fxe6 27. Bb5 Rcf8 $18) 26... Nxc2 $2 (26... Rxc2 27. Bxc2 Rh3 28. Qxf7+ Qxf7 29. Rxf7+ Kxf7 30. Nxg5+ Kf8) 27. Nxg5 {Droht Df6+ und aus.} Nxd5 28. Bxc2 {Schwarz muss nun De4 beachten.} Rh5 29. Qg3 ({Nicht} 29. Qxf7+ Qxf7 30. Nxf7 Rxc2 $16) 29... Rxc2 30. Rxf7+ ({Lieber nicht} 30. Rxc2 Qf5 $11) 30... Qxf7 31. Nxf7 Kxf7 {[#]} 32. Qb3 $1 {[%cal Rb3c2]} ({Weniger gut wäre} 32. Qf3+ Kg7 $14) 32... Rg5+ 33. Kh1 Rh5+ 34. Kg1 Rg5+ 35. Kh1 $2 (35. Bg3 $18 Rc1+ 36. Kg2) 35... Rh5+ $11 36. Kg1 {Precision: Weiß = 46%, Schwarz = 48%.} 1/2-1/2